000 01100nam a2200253Ia 4500
003 IN-BaIIA
008 211028s9999 xx s 000 0 eng d
020 _a978-0-521-76481-0 (Print)
022 _a1743-9213 (Print)
022 _a1743-9221 (Online)
040 _cIIA Library
100 _aKlioner, Sergei A., ed.
_933656
245 0 _aRelativity in fundamental astronomy: dynamics, reference frames, and data analysis
_h[eBook]
260 _aCambridge
_bCambridge University Press
_c2010
300 _aOnline resource
490 _aIAU Symposium; no. 261
650 _a Data analysis-Congresses
_933654
650 _a Pulsar-Congresses
_932586
650 _aDynamics-Congresses
_933655
700 _aKenneth Seidelmann, P., ed.
_940559
700 _aSoffel, Michael, ed.
_940560
856 _uhttps://www.cambridge.org/core/journals/proceedings-of-the-international-astronomical-union/issue/A2B66E60D543C2EEDCCF138B08C11EAC
_yClick Here to Access eBook
942 _cEB
999 _c21971
_d21971